| 000 | 01085nam a2200241Ia 4500 | ||
|---|---|---|---|
| 008 | 130821s2003 ck a gr spa | ||
| 020 | _a9586168298 | ||
| 040 |
_aCo-BoUCM _bspa |
||
| 041 | 0 | 0 | _aspa |
| 100 | 1 |
_aRubiano, Norma _9161227 |
|
| 245 | 1 | 0 |
_aConflicto y violencia intrafamiliar diagnóstico de la violencia intrafamiliar en Bogotá, D.C. _cNorma Rubiano... [et al.] |
| 260 |
_aBogotá (Colombia) _bAlcaldía Mayor de Bogotá, Universidad Externado de Colombia _c2003 |
||
| 300 |
_a262 páginas _bilustraciones, tablas, cuadros |
||
| 650 | 0 | 4 |
_aDesarrollo social _912991 |
| 650 | 0 | 4 |
_aFamilia _xCondiciones sociales _zBogotá (Colombia) _915547 |
| 650 | 0 | 4 |
_aTribunales de familia _zBogotá (Colombia) _925874 |
| 650 | 0 | 4 |
_aViolencia familiar _xInvestigaciones _zBogotá (Colombia) _926285 |
| 650 | 0 | 4 |
_aViolencia infantil _xInvestigaciones _zBogotá (Colombia) _926286 |
| 710 | 1 |
_aBogotá (Colombia). _bAlcaldía Mayor _947601 |
|
| 710 | 2 |
_aUniversidad Externado de Colombia _93812 |
|
| 942 |
_cLIBRO _a5 _e1 _mC748c _2DEWEY _h362.8292 |
||
| 999 |
_c42334 _d42334 |
||